Metamorphosen des Extremismusbegriffes: diskursanalytische Untersuchungen zur Dynamik einer funktionalen Unzulänglichkeit
| Authors: | ; ; ; ; |
|---|---|
| Corporate Author: | |
| Format: | Print Book |
| Language: | German |
| Published: |
Wiesbaden
Springer VS
[2015]
|
| In: | Year: 2015 |
| Online Access: |
Inhaltstext (Publisher) Table of Contents Blurb (Publisher) |
| Availability in Tübingen: | Present in Tübingen. UB: KB 20 A 7708 |
| Check availability: | HBZ Gateway |
| Subito Delivery Service: | Order now. |
| Keywords: |
MARC
| LEADER | 00000cam a2200000 c 4500 | ||
|---|---|---|---|
| 001 | 1616373202 | ||
| 003 | DE-627 | ||
| 005 | 20260407151128.0 | ||
| 007 | tu | ||
| 008 | 150610s2015 gw ||||| 00| ||ger c | ||
| 015 | |a 15,N24 |2 dnb | ||
| 016 | 7 | |a 107200755X |2 DE-101 | |
| 020 | |a 3658063114 |q Pb. : EUR 39.99 (DE) |9 3-658-06311-4 | ||
| 020 | |a 9783658063115 |q : Pb. : EUR 39.99 (DE) |9 978-3-658-06311-5 | ||
| 024 | 3 | |a 9783658063115 | |
| 028 | 5 | 2 | |a 978-3-658-06311-5 |
| 035 | |a (DE-627)1616373202 | ||
| 035 | |a (DE-576)445179333 | ||
| 035 | |a (DE-599)BSZ445179333 | ||
| 035 | |a (OCoLC)913796089 | ||
| 035 | |a (OCoLC)917138054 | ||
| 040 | |a DE-627 |b ger |c DE-627 |e rda | ||
| 041 | |a ger | ||
| 044 | |c XA-DE-HE |c XA-DE | ||
| 072 | 7 | |a JHB |2 bicssc | |
| 072 | 7 | |a SOC026000 |2 bisacsh | |
| 082 | 0 | |a 306.2 |q DE-101 |2 22/ger | |
| 082 | 0 | 4 | |a 300 |a 320 |q DE-101 |
| 082 | 0 | 4 | |a 300 |
| 084 | |a 2,1 |2 ssgn | ||
| 084 | |a MS 4350 |2 rvk |0 (DE-625)rvk/123697: | ||
| 084 | |a MS 4760 |q BVB |2 rvk |0 (DE-625)rvk/123715: | ||
| 084 | |a 89.10 |2 bkl | ||
| 084 | |a 89.62 |2 bkl | ||
| 245 | 0 | 0 | |a Metamorphosen des Extremismusbegriffes |b diskursanalytische Untersuchungen zur Dynamik einer funktionalen Unzulänglichkeit |c Jan Ackermann, Katharina Behne, Felix Buchta, Marc Drobot, Philipp Knopp |
| 264 | 1 | |a Wiesbaden |b Springer VS |c [2015] | |
| 264 | 4 | |c © 2015 | |
| 300 | |a 256 Seiten |b Illustrationen, Diagramme |c 21 cm x 15 cm, 335 g | ||
| 336 | |a Text |b txt |2 rdacontent | ||
| 337 | |a ohne Hilfsmittel zu benutzen |b n |2 rdamedia | ||
| 338 | |a Band |b nc |2 rdacarrier | ||
| 583 | 1 | |a Archivierung/Langzeitarchivierung gewährleistet |f SSG |x XA-DE-BW |2 pdager |5 DE-21 | |
| 689 | 0 | 0 | |d g |0 (DE-588)4011889-7 |0 (DE-627)104732423 |0 (DE-576)208896201 |a Deutschland |g Bundesrepublik |2 gnd |
| 689 | 0 | 1 | |d s |0 (DE-588)4048171-2 |0 (DE-627)106192035 |0 (DE-576)209076445 |a Radikalismus |2 gnd |
| 689 | 0 | 2 | |d s |0 (DE-588)4005248-5 |0 (DE-627)106382365 |0 (DE-576)208859918 |a Begriff |2 gnd |
| 689 | 0 | 3 | |d s |0 (DE-588)4234987-4 |0 (DE-627)104905603 |0 (DE-576)210385022 |a Wandel |2 gnd |
| 689 | 0 | 4 | |d s |0 (DE-588)4194747-2 |0 (DE-627)104330309 |0 (DE-576)210096292 |a Diskursanalyse |2 gnd |
| 689 | 0 | 5 | |a z |2 gnd |a Geschichte 1968-1990 |
| 689 | 0 | |5 DE-101 | |
| 689 | 1 | 0 | |d g |0 (DE-588)4011882-4 |0 (DE-627)104704861 |0 (DE-576)208896155 |a Deutschland |2 gnd |
| 689 | 1 | 1 | |d s |0 (DE-588)4048171-2 |0 (DE-627)106192035 |0 (DE-576)209076445 |a Radikalismus |2 gnd |
| 689 | 1 | 2 | |d s |0 (DE-588)4005248-5 |0 (DE-627)106382365 |0 (DE-576)208859918 |a Begriff |2 gnd |
| 689 | 1 | 3 | |d s |0 (DE-588)4234987-4 |0 (DE-627)104905603 |0 (DE-576)210385022 |a Wandel |2 gnd |
| 689 | 1 | 4 | |d s |0 (DE-588)4194747-2 |0 (DE-627)104330309 |0 (DE-576)210096292 |a Diskursanalyse |2 gnd |
| 689 | 1 | 5 | |a z |2 gnd |a Geschichte 1990-2001 |
| 689 | 1 | |5 DE-101 | |
| 689 | 2 | 0 | |d s |0 (DE-588)4048171-2 |0 (DE-627)106192035 |0 (DE-576)209076445 |a Radikalismus |2 gnd |
| 689 | 2 | 1 | |d s |0 (DE-588)4194747-2 |0 (DE-627)104330309 |0 (DE-576)210096292 |a Diskursanalyse |2 gnd |
| 689 | 2 | |5 (DE-627) | |
| 700 | 1 | |a Ackermann, Jan |e VerfasserIn |0 (DE-588)1078638462 |0 (DE-627)838996175 |0 (DE-576)34605270X |4 aut | |
| 700 | 1 | |a Behne, Katharina |e VerfasserIn |0 (DE-588)1078638667 |0 (DE-627)838996728 |0 (DE-576)433338237 |4 aut | |
| 700 | 1 | |a Buchta, Felix |e VerfasserIn |0 (DE-588)1078638705 |0 (DE-627)838996809 |0 (DE-576)433338245 |4 aut | |
| 700 | 1 | |a Drobot, Marc |d 1980- |e VerfasserIn |0 (DE-588)1019461667 |0 (DE-627)685044750 |0 (DE-576)356236153 |4 aut | |
| 700 | 1 | |a Knopp, Philipp |e VerfasserIn |0 (DE-588)1078638713 |0 (DE-627)838996914 |0 (DE-576)451545117 |4 aut | |
| 710 | 2 | |a Springer Fachmedien Wiesbaden |e Verlag |0 (DE-588)1043386068 |0 (DE-627)770495842 |0 (DE-576)394755561 |4 pbl | |
| 776 | 1 | |z 9783658063122 |c : ebk | |
| 856 | 4 | 2 | |u http://deposit.dnb.de/cgi-bin/dokserv?id=5287765&prov=M&dok_var=1&dok_ext=htm |m X: MVB |q text/html |v 2015-06-10 |x Verlag |3 Inhaltstext |7 1 |
| 856 | 4 | 2 | |u https://swbplus.bsz-bw.de/bsz445179333inh.htm |m B:DE-576;DE-21 |q application/pdf |v 20151119134851 |x Verlag |3 Inhaltsverzeichnis |7 1 |
| 856 | 4 | 2 | |u https://swbplus.bsz-bw.de/bsz445179333kla.htm |m B:DE-576;DE-21 |q application/pdf |v 20151119134851 |x Verlag |3 Klappentext |7 1 |
| 889 | |w (DE-627)827051239 | ||
| 935 | |i mdedup | ||
| 936 | r | v | |a MS 4350 |b Allgemeine Theorie und Gesamtdarstellungen |k Soziologie |k Spezielle Soziologien |k Politische Soziologie |k Allgemeine Theorie und Gesamtdarstellungen |0 (DE-627)1271441101 |0 (DE-625)rvk/123697: |0 (DE-576)201441101 |
| 936 | r | v | |a MS 4760 |b Politische Bewegungen, Revolution, Außerparlamentarische Opposition (APO) |k Soziologie |k Spezielle Soziologien |k Politische Soziologie |k Politische Bewegungen, Revolution, Außerparlamentarische Opposition (APO) |0 (DE-627)1271374587 |0 (DE-625)rvk/123715: |0 (DE-576)201374587 |
| 936 | b | k | |a 89.10 |j Politische Richtungen: Allgemeines |0 (DE-627)106413228 |
| 936 | b | k | |a 89.62 |j Politische Bewegungen |0 (DE-627)106417169 |
| 951 | |a BO | ||
| ELC | |b 1 | ||
| LOK | |0 000 xxxxxcx a22 zn 4500 | ||
| LOK | |0 001 3199702805 | ||
| LOK | |0 003 DE-627 | ||
| LOK | |0 004 1616373202 | ||
| LOK | |0 005 20151110121435 | ||
| LOK | |0 008 151019||||||||||||||||ger||||||| | ||
| LOK | |0 040 |a DE-21 |c DE-627 |d DE-21 | ||
| LOK | |0 852 |a DE-21 | ||
| LOK | |0 852 1 |c KB 20 A 7708 |9 00 | ||
| LOK | |0 935 |a krim | ||
| LOK | |0 938 |a 1511 |f 34 | ||
| LOK | |0 939 |a 2015-10-19 |b l01 | ||
| ORI | |a WA-MARC-krimdoka001.raw | ||
| SIG | |a UB: KB 20 A 7708 | ||
| TIM | |a 100019680101_100019901231 |b Geschichte 1968-1990 | ||
